000 00856nas a2200277 4500
001 BR2016002572
003 BR-BrBNA
005 20231205130413.0
007 ta
008 230509b bl.|||p| |||| 00| 00por d
040 _aBR-BrBNA
_bpor
_cBiblioteca Nacional de Agricultura
041 _a(En)
072 _aL20; J13
100 1 _aQueiroz, M.L. de V.
100 1 _aBarbosa Filho, J.A.D.
100 1 _aDuarte, L.M.
100 1 _aBrasil, D.de P.
100 1 _aGadelha, C.R.F.
245 1 _aEnvironmental and physiological variables during the catching of broilers
650 _aGALINHA
650 _aCONDIÇÃO AMBIENTAL
650 _aBEM-ESTAR
773 0 _tBrazilian Journal of Poultry Science (Brazil)
_xISSN 1516-635X
_g(Jan-Mar 2015), v. 17(1) p. 37-44
_wBR2016002572
909 _a202311
_bLúcia
_c55
_dLúcia Elande
942 _2AGRIS
_n0
_cANA
999 _c249263
_d249263